[Event "Despedida"]
[Site "SchemingMind.com"]
[Date "2014.02.09"]
[Round "-"]
[White "Chess_Romanticist"]
[Black "fouche"]
[Result "1-0"]
[WhiteCountry "SWE"]
[BlackCountry "COL"]
[WhiteElo "1985"]
[WhiteRD "120"]
[BlackElo "1630"]
[BlackRD "64"]
[GameID "347520"]

1. e4 e6 2. d4 d5 3. exd5 exd5 4. Nf3 Nf6 5. Bd3 Bd6 6. Qe2+ Be6 7. Ng5 O-O 8. Nxe6 fxe6 9. Qxe6+ Kh8 10. O-O Nc6
11. c3 Re8 12. Qh3 Ne4 13. f3 Kg8 14. fxe4 dxe4 15. Bc4+ Kh8 16. Rf5 Qe7 17. Bf7 Rf8 18. Qxh7+
1-0

[Event "Despedida"]
[Site "SchemingMind.com"]
[Date "2014.02.09"]
[Round "-"]
[White "fouche"]
[Black "Chess_Romanticist"]
[Result "0-1"]
[WhiteCountry "COL"]
[BlackCountry "SWE"]
[WhiteElo "1630"]
[WhiteRD "64"]
[BlackElo "1985"]
[BlackRD "120"]
[GameID "347521"]

1. e4 e6 2. d4 d5 3. Nc3 Bb4 4. exd5 exd5 5. Nf3 Nf6 6. Bd2 O-O 7. Be2 Bf5 8. O-O c6 9. a3 Bxc3 10. Bxc3 Nbd7
11. Re1 Re8 12. Qd2 Ne4 13. Qf4 Nxc3 14. Qxf5 Nxe2+ 15. Kf1 g6 16. Rxe2 gxf5
0-1

[Event "Despedida"]
[Site "SchemingMind.com"]
[Date "2014.02.10"]
[Round "-"]
[White "kubinet"]
[Black "Chess_Romanticist"]
[Result "0-1"]
[WhiteCountry "GER"]
[BlackCountry "SWE"]
[WhiteElo "1188"]
[WhiteRD "45"]
[BlackElo "2074"]
[BlackRD "89"]
[GameID "347529"]

1. e4 e6 2. d4 d5 3. Nc3 Bb4 4. e5 c5 5. a3 Bxc3+ 6. bxc3 Ne7 7. Nf3 c4 8. Be2 Qa5 9. Bd2 Nbc6 10. O-O Bd7
11. h3 O-O 12. Nh2 b5 13. f4 Nf5 14. g4 Ng3
0-1

[Event "Despedida"]
[Site "SchemingMind.com"]
[Date "2014.02.09"]
[Round "-"]
[White "fouche"]
[Black "kubinet"]
[Result "1-0"]
[WhiteCountry "COL"]
[BlackCountry "GER"]
[WhiteElo "1628"]
[WhiteRD "63"]
[BlackElo "1188"]
[BlackRD "45"]
[GameID "347530"]

1. d4 Nf6 2. c4 e6 3. Bg5 Be7 4. Nc3 d5 5. e3 O-O 6. Bd3 dxc4 7. Bxc4 h6 8. Bh4 c6 9. Nf3 Nbd7 10. O-O Nd5
11. Bxe7 Qxe7 12. a3 N7b6 13. Nxd5
1-0

[Event "Despedida"]
[Site "SchemingMind.com"]
[Date "2014.02.08"]
[Round "-"]
[White "Chess_Romanticist"]
[Black "kubinet"]
[Result "1-0"]
[WhiteCountry "SWE"]
[BlackCountry "GER"]
[WhiteElo "2074"]
[WhiteRD "89"]
[BlackElo "1188"]
[BlackRD "45"]
[GameID "347531"]

1. e4 c5 2. Nf3 d6 3. Bb5+ Bd7 4. Bxd7+ Qxd7 5. d4 cxd4 6. Nxd4 Nf6 7. Nc3 Nc6 8. Bg5 Ng8 9. O-O h6 10. Be3 Nf6
11. Nxc6 bxc6 12. f3 g6 13. Qd4 Bg7 14. Rfd1
1-0

[Event "Despedida"]
[Site "SchemingMind.com"]
[Date "2014.02.14"]
[Round "-"]
[White "fouche"]
[Black "elmar"]
[Result "0-1"]
[WhiteCountry "COL"]
[BlackCountry "AZE"]
[WhiteElo "1630"]
[WhiteRD "64"]
[BlackElo "2043"]
[BlackRD "70"]
[GameID "347943"]

1. d4 Nf6 2. c4 g6 3. Nc3 d5 4. e3 Bg7 5. Nf3 O-O 6. Bd3 b6 7. O-O Bb7 8. Re1 Nbd7 9. cxd5 Nxd5 10. Bd2 c5
11. Nxd5 Bxd5 12. Rb1 cxd4 13. Nxd4 Nc5 14. Bf1 Bxa2 15. Ra1 Bd5 16. Bc3 a5 17. Bb5 Rc8 18. Rc1 h6 19. f3 e5 20. Ne2 Bb3
21. Qxd8 Rfxd8 22. Kf2 f5 23. f4 Ne4+ 24. Kg1 Rc5 25. Ba6 Nxc3 26. Nxc3 a4 27. Kf2 exf4 28. exf4 a3 29. bxa3 Bxc3 30. Re7 Bd4+
0-1

[Event "Despedida"]
[Site "SchemingMind.com"]
[Date "2014.02.14"]
[Round "-"]
[White "elmar"]
[Black "fouche"]
[Result "1-0"]
[WhiteCountry "AZE"]
[BlackCountry "COL"]
[WhiteElo "2043"]
[WhiteRD "70"]
[BlackElo "1630"]
[BlackRD "64"]
[GameID "347944"]

1. e4 c6 2. d4 d5 3. Nc3 dxe4 4. Nxe4 Bf5 5. Ng3 Bg6 6. Nf3 e6 7. Be3 Nf6 8. Bd3 Bxd3 9. Qxd3 Nbd7 10. O-O Be7
11. Bg5 O-O 12. Rfe1 b6 13. Rad1 Qc7 14. Nh5 Rad8 15. Nxf6+ Nxf6 16. c3 c5 17. Qe2 cxd4 18. Nxd4 Rd7 19. Nxe6 Rxd1 20. Nxc7 Rxe1+
21. Qxe1
1-0

[Event "Despedida"]
[Site "SchemingMind.com"]
[Date "2014.02.14"]
[Round "-"]
[White "elmar"]
[Black "kubinet"]
[Result "1-0"]
[WhiteCountry "AZE"]
[BlackCountry "GER"]
[WhiteElo "2046"]
[WhiteRD "69"]
[BlackElo "1188"]
[BlackRD "45"]
[GameID "347946"]

1. e4 c5 2. Nf3 d6 3. d4 cxd4 4. Nxd4 Nf6 5. Nc3 a6 6. Be2 g6 7. O-O Bg7 8. a4 O-O 9. f4 Nc6 10. Be3 Bd7
11. Nb3 Rc8 12. Bf3 Na5 13. e5 Ne8 14. Nxa5 Qxa5 15. Nd5 Rc4 16. Bb6
1-0

[Event "Despedida"]
[Site "SchemingMind.com"]
[Date "2014.02.14"]
[Round "-"]
[White "elmar"]
[Black "Chess_Romanticist"]
[Result "0-1"]
[WhiteCountry "AZE"]
[BlackCountry "SWE"]
[WhiteElo "2043"]
[WhiteRD "70"]
[BlackElo "1985"]
[BlackRD "120"]
[GameID "347947"]

1. d4 d5 2. c4 c6 3. Nc3 dxc4 4. a4 e5 5. e3 exd4 6. exd4 Be6 7. Nf3 Bb4 8. Ne5 Qd5 9. a5 Qe4+ 10. Be3 Nd7
11. Nxd7 Kxd7 12. Qd2 Qf5 13. Be2 Nf6 14. O-O Rhe8 15. Qd1 Bd6 16. a6 b5 17. Bf3 Qd3 18. Qc1 Bd5 19. Nxd5 Nxd5 20. Rd1 Qf5
21. Rb1 Re6 22. h3 Rg6 23. Bg4 Rxg4 24. hxg4 Qxg4 25. Re1 Qh5 26. g3 f5 27. Qc2 f4 28. Bxf4 Bxf4 29. gxf4 Rf8 30. Qe4 Rf6
31. f5 Rxf5 32. Qe6+ Kc7 33. Re3 Nxe3 34. Qe7+ Kc8 35. Qe6+ Kd8 36. Qd6+ Ke8 37. Qxc6+ Kf7 38. Qd7+ Kf6 39. Qc6+ Kg5 40. fxe3 Qh4
41. Qg2+ Kh6 42. Qh2 Qxh2+ 43. Kxh2 Rf3 44. b3 c3 45. Re1 Kg5 46. Kg2 Kg4 47. d5 h5 48. d6 Rf6 49. Rd1 c2 50. Rc1 Rxd6
51. Rxc2 g5 52. Ra2 h4 53. Ra1 h3+ 54. Kh1 Rd2 55. e4 h2 56. Re1 Kh3 57. Re3+ Kh4 58. Re1 Rc2 59. e5 g4 60. e6 g3
0-1

[Event "Despedida"]
[Site "SchemingMind.com"]
[Date "2014.02.14"]
[Round "-"]
[White "Chess_Romanticist"]
[Black "elmar"]
[Result "1-0"]
[WhiteCountry "SWE"]
[BlackCountry "AZE"]
[WhiteElo "1985"]
[WhiteRD "120"]
[BlackElo "2043"]
[BlackRD "70"]
[GameID "347948"]

1. e4 e5 2. Nf3 Nc6 3. Bb5 a6 4. Ba4 Nf6 5. O-O Be7 6. Re1 b5 7. Bb3 d6 8. c3 O-O 9. h3 Na5 10. Bc2 c5
11. d4 cxd4 12. cxd4 Qc7 13. Bd3 Bd7 14. Nc3 Be6 15. dxe5 dxe5 16. Nd5 Bxd5 17. exd5 Rae8 18. Rxe5 Bd6 19. Rxe8 Rxe8 20. Bg5 Ne4
21. Bxe4 Rxe4 22. b3 Re8 23. Rc1 Qd7 24. Qd3 Ba3 25. Rc3 Nb7 26. Be3 Nd8 27. Bf4 Bd6 28. Bxd6 Qxd6 29. a4 bxa4 30. bxa4 h6
31. Rc8 Re7 32. Qc4 Rd7 33. Nd4 Kh7 34. Nc6 Nb7 35. Nb8 Re7 36. Qc2+ g6 37. Qc3 f6 38. Nc6 Rg7 39. Qc4 Nc5 40. Nd4 Rb7
41. Qc1 Nxa4 42. Rh8+ Kxh8 43. Qc8+ Kg7 44. Qxb7+ Kf8 45. Ne6+ Ke8 46. Qg7 Qb6 47. Qxf6 Kd7 48. Nf8+ Kc8 49. d6 Nc5 50. Qxg6 Kb7
51. Qxh6 a5 52. Qf6 Ka6 53. Qe5 Nd3 54. Qg3
1-0

[Event "Despedida"]
[Site "SchemingMind.com"]
[Date "2014.02.15"]
[Round "-"]
[White "fouche"]
[Black "Scooter"]
[Result "0-1"]
[WhiteCountry "COL"]
[BlackCountry "USA"]
[WhiteElo "1630"]
[WhiteRD "64"]
[BlackElo "1731"]
[BlackRD "46"]
[GameID "347980"]

1. e4 c6 2. d4 d5 3. Nc3 dxe4 4. Nxe4 Bf5 5. Ng3 Bg6 6. Nf3 Nd7 7. h4 h6 8. Bc4 Qc7 9. O-O e6 10. Bd2 O-O-O
11. b4 Bd6 12. h5 Bh7 13. a4 Bxg3 14. fxg3 Qxg3 15. b5 c5 16. Be3 Ngf6 17. a5 Ng4 18. Ra3 Be4 19. Bf2 Qf4 20. Be2 Bxf3
21. g3 Bxe2 22. Qxe2 Qg5 23. dxc5 Nxc5 24. Bxc5 Qxc5+ 25. Kh1 Qxh5+ 26. Kg1 Nf6 27. Qc4+ Kb8 28. Qf4+ Ka8 29. a6 Qc5+ 30. Re3 Nd5
31. axb7+ Kxb7 32. Kh2 Nxe3 33. Qxf7+ Qc7
0-1

[Event "Despedida"]
[Site "SchemingMind.com"]
[Date "2014.02.15"]
[Round "-"]
[White "Scooter"]
[Black "fouche"]
[Result "1-0"]
[WhiteCountry "USA"]
[BlackCountry "COL"]
[WhiteElo "1731"]
[WhiteRD "46"]
[BlackElo "1630"]
[BlackRD "64"]
[GameID "347981"]

1. d4 e6 2. Nf3 Nf6 3. Bg5 Be7 4. e3 O-O 5. Be2 b6 6. O-O Bb7 7. Nbd2 c5 8. c3 cxd4 9. cxd4 Na6 10. a3 Rc8
11. Rc1 d5 12. Re1 Rxc1 13. Qxc1 Ne4 14. Bxe7 Qxe7 15. Nxe4 dxe4 16. Nd2 e5 17. dxe5 Qxe5 18. Bxa6 Bxa6 19. Nc4 Rc8 20. Nxe5 Rxc1
21. Rxc1
1-0

[Event "Despedida"]
[Site "SchemingMind.com"]
[Date "2014.02.14"]
[Round "-"]
[White "Scooter"]
[Black "elmar"]
[Result "0-1"]
[WhiteCountry "USA"]
[BlackCountry "AZE"]
[WhiteElo "1731"]
[WhiteRD "46"]
[BlackElo "2043"]
[BlackRD "70"]
[GameID "347984"]

1. d4 d5 2. Nf3 Bf5 3. Bf4 Nf6 4. e3 a6 5. h3 e6 6. Bd3 Bxd3 7. Qxd3 Nbd7 8. O-O c5 9. c3 Be7 10. Nbd2 O-O
11. Rfe1 Rc8 12. Ne5 c4 13. Qe2 b5 14. e4 Nb6 15. Bg5 Na4 16. Rab1 h6 17. Bxf6 Bxf6 18. Ndf3 a5 19. exd5 Qxd5 20. Qd2 Be7
21. b3 cxb3 22. Rxb3 Rc7 23. Reb1 Rb8 24. Qd3 b4 25. c4 Qd8 26. a3 Nc3 27. R1b2 Rbc8 28. axb4 axb4 29. c5 f6 30. Ng6 Bxc5
31. Nf4 Qd6 32. dxc5 Qxf4 33. Rxb4 Qc1+ 34. Kh2 Nd5 35. Rb8 Qxc5 36. Nd4 Nf4 37. Qe4 e5 38. Ne2 Qxf2 39. Rxc8+ Rxc8 40. Qb7 Rd8
41. Nxf4 Qxf4+ 42. g3 Rd2+ 43. Rxd2 Qxd2+ 44. Kh1 Qe1+ 45. Kg2 Qe2+ 46. Kg1 Kh7
0-1

[Event "Despedida"]
[Site "SchemingMind.com"]
[Date "2014.02.14"]
[Round "-"]
[White "elmar"]
[Black "Scooter"]
[Result "1-0"]
[WhiteCountry "AZE"]
[BlackCountry "USA"]
[WhiteElo "1988"]
[WhiteRD "82"]
[BlackElo "1705"]
[BlackRD "45"]
[GameID "347985"]

1. Nf3 Nf6 2. d4 g6 3. c4 Bg7 4. Nc3 O-O 5. e4 d6 6. Bd3 Bg4 7. O-O Re8 8. h3 Bxf3 9. Qxf3 Nbd7 10. Bf4 e5
11. dxe5 Nxe5 12. Bxe5 dxe5 13. Rad1 Qe7 14. Nd5 Nxd5 15. cxd5 c6 16. Bc4 cxd5 17. Bxd5 Rac8 18. Qb3 b6 19. Rd3 Bh6 20. Rf3 Rf8
21. Rd3 Rc1 22. Rxc1 Bxc1 23. Rc3 Bd2 24. Rc6 Qb4 25. Qc2 Bg5 26. Qe2 Qd4 27. h4 Bxh4 28. Rc4 Bxf2+ 29. Qxf2 Qd1+ 30. Qf1 Qd2
31. Qf6 Qd1+ 32. Kh2 Qh5+ 33. Kg3 h6 34. Rc7 g5 35. Qxe5 Qh4+ 36. Kf3 Qh5+ 37. Kf2 Qh4+ 38. Qg3 Qh5 39. Rxa7 Qg6 40. b3 b5
41. Rb7 Qf6+ 42. Qf3 Qb2+ 43. Kg1 Qa1+ 44. Kh2 Qe5+ 45. Kh3 Qg7 46. Rxb5 Qg6 47. a4 h5 48. Qf5
1-0

[Event "Despedida"]
[Site "SchemingMind.com"]
[Date "2014.02.15"]
[Round "-"]
[White "Scooter"]
[Black "Chess_Romanticist"]
[Result "0-1"]
[WhiteCountry "USA"]
[BlackCountry "SWE"]
[WhiteElo "1732"]
[WhiteRD "47"]
[BlackElo "2074"]
[BlackRD "89"]
[GameID "347986"]

1. d4 d5 2. Nf3 Nf6 3. Bf4 e6 4. e3 Bd6 5. Bxd6 cxd6 6. Bb5+ Bd7 7. Bxd7+ Nbxd7 8. c3 O-O 9. O-O Rc8 10. Nbd2 Qa5
11. Re1 Ne4 12. Nxe4 dxe4 13. Nd2 d5 14. Nb3 Qc7 15. Rc1 f5 16. Nd2 Nb6 17. Qe2 Rf6 18. b3 Rh6 19. g3 a6 20. c4 Nd7
21. cxd5 Qxc1 22. Rxc1 Rxc1+ 23. Kg2 exd5 24. a4 Rf6 25. Qh5 g6 26. Qh4 Rc2 27. Nb1 Kg7 28. g4 fxg4 29. Qxg4 Rcxf2+ 30. Kg1 Rf1+
31. Kg2 R6f2+ 32. Kh3 Nf6 33. Qe6 Rxb1 34. Kg3 Rbb2 35. Qe7+ Kh6 36. Qxb7 Rf3+
0-1

[Event "Despedida"]
[Site "SchemingMind.com"]
[Date "2014.02.15"]
[Round "-"]
[White "Chess_Romanticist"]
[Black "Scooter"]
[Result "1-0"]
[WhiteCountry "SWE"]
[BlackCountry "USA"]
[WhiteElo "1985"]
[WhiteRD "120"]
[BlackElo "1731"]
[BlackRD "46"]
[GameID "347987"]

1. e4 c6 2. d4 d5 3. Nc3 dxe4 4. Nxe4 Bf5 5. Ng3 Bg6 6. c3 Nd7 7. h4 h6 8. h5 Bh7 9. Bd3 Bxd3 10. Qxd3 Qc7
11. N1e2 O-O-O 12. Bf4 e5 13. dxe5 Nxe5 14. Qf5+
1-0

[Event "Despedida"]
[Site "SchemingMind.com"]
[Date "2014.02.19"]
[Round "-"]
[White "fouche"]
[Black "SAMAEL"]
[Result "0-1"]
[WhiteCountry "COL"]
[BlackCountry "CAN"]
[WhiteElo "1625"]
[WhiteRD "61"]
[BlackElo "1752"]
[BlackRD "56"]
[GameID "348117"]

1. d4 d5 2. Nf3 e6 3. e3 Nf6 4. Bd3 Be7 5. O-O O-O 6. Re1 c5 7. c3 c4 8. Bc2 Nc6 9. e4 h6 10. Nbd2 b5
11. e5 Nh7 12. Nf1 Bd7 13. h3 Ng5 14. Nxg5 Bxg5 15. Qg4 Bxc1 16. Raxc1 f5 17. Qg3 a5 18. f4 Rb8 19. Ne3 Ne7 20. b3 cxb3
21. axb3 Qe8 22. Bd3 Kh8 23. Qf2 Rg8 24. g4 g6 25. c4 dxc4 26. bxc4 b4 27. d5 Nc8 28. c5 exd5 29. Nxd5 Rg7 30. Nf6 Qd8
31. c6 Bxc6 32. Rxc6 Qxd3 33. Qc5 Qg3+ 34. Kf1 Qxh3+ 35. Kf2 Qh2+ 36. Ke3 Qg3+ 37. Kd2 Qxf4+ 38. Re3 Ne7 39. Rd6 Rc8 40. Qxa5 Qc4
41. Red3 Qf4+ 42. Re3 fxg4 43. Rd8+ Rxd8+ 44. Qxd8+ Ng8 45. Nxg8 Rxg8 46. Qd5 Qg5 47. Ke2 g3 48. Qg2 Rf8 49. Qxg3 Qxg3 50. Rxg3 Kg7
51. Re3 g5 52. e6 Re8 53. Kd3 g4 54. Kd4 Kf6 55. Kd5 h5 56. Kd6 b3 57. Rxb3 Rxe6+ 58. Kd5 Re5+ 59. Kd4 Kf5 60. Rb8 Kf4
61. Rf8+ Rf5 62. Rh8 g3
0-1

[Event "Despedida"]
[Site "SchemingMind.com"]
[Date "2014.02.19"]
[Round "-"]
[White "SAMAEL"]
[Black "fouche"]
[Result "1-0"]
[WhiteCountry "CAN"]
[BlackCountry "COL"]
[WhiteElo "1752"]
[WhiteRD "56"]
[BlackElo "1625"]
[BlackRD "61"]
[GameID "348118"]

1. e4 e5 2. Nf3 Nc6 3. c4 d6 4. Nc3 Nf6 5. Be2 Bg4 6. h3 Bh5 7. O-O Be7 8. d3 O-O 9. Nh2 Bxe2 10. Qxe2 Nd4
11. Qd1 c5 12. Nf3 a6 13. Nxd4 cxd4 14. Ne2 Nd7 15. f4 b5 16. b3 Nc5 17. Bb2 bxc4 18. bxc4 Qa5 19. Qc2 Rfb8 20. Rfb1 h6
21. Kf1 Rb7 22. Bc1 Rab8 23. Rxb7 Rxb7 24. Rb1 Rb4 25. Rxb4 Qxb4 26. Bd2 Qa4 27. Qxa4 Nxa4 28. Bc1 Nc5 29. Ba3 Nxd3 30. fxe5 Nxe5
31. Nxd4 Nxc4 32. Bc1 Bf6 33. Nf5 Kf8 34. Ke2 Ke8 35. Kd3 Ne5+ 36. Kc2 Kd7 37. Ba3 Nc4 38. Bb4 Be5 39. Kb3 Nb6 40. a4 Kc6
41. a5 Na8 42. g4 Nc7 43. Kc4 Ne6 44. Bd2 Ng5 45. Bxg5 hxg5 46. Ne7+ Kd7 47. Nd5 g6 48. Nb4 f5 49. exf5 gxf5 50. gxf5 Ke7
51. Nxa6 Kf6 52. Nb4 Bh2 53. Nc6 Bg1 54. Nd4 Ke5 55. Nf3+
1-0

[Event "Despedida"]
[Site "SchemingMind.com"]
[Date "2014.02.19"]
[Round "-"]
[White "Scooter"]
[Black "SAMAEL"]
[Result "1-0"]
[WhiteCountry "USA"]
[BlackCountry "CAN"]
[WhiteElo "1745"]
[WhiteRD "46"]
[BlackElo "1720"]
[BlackRD "55"]
[GameID "348119"]

1. d4 d5 2. Nf3 e6 3. Bf4 Nf6 4. h3 c5 5. e3 Nc6 6. Bb5 Bd7 7. O-O a6 8. Bxc6 Bxc6 9. c3 Be7 10. Nbd2 O-O
11. Ne5 Bd7 12. Ndf3 Rc8 13. dxc5 Bxc5 14. Bg5 Be7 15. Nxd7 Nxd7 16. Bxe7 Qxe7 17. Rc1 Rc7 18. Re1 Nf6 19. Nd2 Rfc8 20. Qe2 Qd6
21. e4 dxe4 22. Nxe4 Nxe4 23. Qxe4 b5 24. Red1 Qc6 25. Qd3 g6 26. Qd6 Qxd6 27. Rxd6 Rc6 28. Rcd1 Kf8 29. f4 R8c7 30. g4 f5
31. gxf5 exf5 32. Kf2 Ke7 33. Rxc6 Rxc6 34. Rd4 Rc4 35. Ke3 Rxd4 36. Kxd4 Kd6 37. h4 a5 38. c4 bxc4 39. Kxc4 h6 40. a4 Kc6
41. b4 axb4 42. Kxb4 h5 43. a5
1-0

[Event "Despedida"]
[Site "SchemingMind.com"]
[Date "2014.02.20"]
[Round "-"]
[White "SAMAEL"]
[Black "Scooter"]
[Result "0-1"]
[WhiteCountry "CAN"]
[BlackCountry "USA"]
[WhiteElo "1720"]
[WhiteRD "55"]
[BlackElo "1745"]
[BlackRD "46"]
[GameID "348120"]

1. e4 c6 2. Nf3 d5 3. exd5 cxd5 4. d4 Nf6 5. Be2 Bg4 6. h3 Bxf3 7. Bxf3 e6 8. O-O Be7 9. Be3 O-O 10. Nd2 b5
11. c4 a6 12. Qe2 bxc4 13. Nxc4 Nbd7 14. Nd2 Nb6 15. Rac1 Bb4 16. a3 Bxd2 17. Bxd2 Nc4 18. Rxc4 dxc4 19. Bxa8 Qxa8 20. Qxc4 Rc8
21. Qd3 Rd8 22. Rd1 h6 23. Bc3 Nd5 24. Qf3 Rc8 25. Kf1 Nxc3 26. Qxa8 Rxa8 27. bxc3 Rb8 28. c4 Rb3 29. c5 Rxa3 30. Rc1 Rb3
31. c6 Rb8 32. Ke2 Kf8 33. c7 Rc8 34. Rc5 Ke7 35. Kd3 Kd6 36. Kc4 Rxc7 37. Rxc7 Kxc7 38. f4 Kd6 39. g4 a5 40. Kb5 Kd5
0-1

[Event "Despedida"]
[Site "SchemingMind.com"]
[Date "2014.02.20"]
[Round "-"]
[White "SAMAEL"]
[Black "elmar"]
[Result "0-1"]
[WhiteCountry "CAN"]
[BlackCountry "AZE"]
[WhiteElo "1720"]
[WhiteRD "55"]
[BlackElo "2061"]
[BlackRD "71"]
[GameID "348123"]

1. d4 Nf6 2. Nf3 g6 3. e3 d5 4. Be2 Bg7 5. O-O O-O 6. c4 dxc4 7. Bxc4 c5 8. dxc5 Qc7 9. Qc2 Bf5 10. Bd3 Bxd3
11. Qxd3 Nbd7 12. Nc3 Nxc5 13. Qe2 Nce4 14. Bd2 Qb6 15. Rab1 Rfd8 16. Rfd1 Rac8 17. Be1 h6 18. Rxd8+ Rxd8 19. Rd1 Rxd1 20. Nxd1 Qe6
21. a3 Nd5 22. Nd2 Nd6 23. Kf1 b5 24. e4 Nf4 25. Qf3 Qe5 26. g3 Ne6 27. Qe3 Qh5 28. Nf3 Ng5 29. Kg2 Nc4 30. Qe2 Nxb2
31. Ne3 Nd3 32. Bd2 Nf4+ 33. gxf4 Qh3+ 34. Kh1 Nxf3 35. Nf1 Nd4 36. Qe1 Qf3+
0-1

[Event "Despedida"]
[Site "SchemingMind.com"]
[Date "2014.02.19"]
[Round "-"]
[White "elmar"]
[Black "SAMAEL"]
[Result "1-0"]
[WhiteCountry "AZE"]
[BlackCountry "CAN"]
[WhiteElo "2061"]
[WhiteRD "71"]
[BlackElo "1720"]
[BlackRD "55"]
[GameID "348124"]

1. e4 e5 2. Nf3 d6 3. d4 exd4 4. Nxd4 Nf6 5. Nc3 Bd7 6. Bc4 Be7 7. O-O O-O 8. Bf4 Nc6 9. Nxc6 Bxc6 10. Re1 Re8
11. Nd5 h6 12. Qf3 Nxd5 13. exd5 Bd7 14. Bd3 Bf6 15. Rxe8+ Qxe8 16. c3 Qe7 17. Be3 Re8 18. h3 b6 19. Kh1 Bg5 20. Bd4 Qf8
21. b4 Bd8 22. a4 Qe7 23. a5 Qf8 24. axb6 axb6 25. Ra7 f5 26. Bxb6 cxb6 27. Rxd7 Re7 28. Bxf5 Rxd7 29. Bh7+
1-0

[Event "Despedida"]
[Site "SchemingMind.com"]
[Date "2014.02.20"]
[Round "-"]
[White "SAMAEL"]
[Black "Chess_Romanticist"]
[Result "0-1"]
[WhiteCountry "CAN"]
[BlackCountry "SWE"]
[WhiteElo "1752"]
[WhiteRD "56"]
[BlackElo "2164"]
[BlackRD "85"]
[GameID "348125"]

1. c4 e5 2. e4 Bc5 3. Nf3 d6 4. Nc3 Nf6 5. h3 O-O 6. d3 Nc6 7. Be2 Nd4 8. O-O c6 9. a3 Ne8 10. Na4 Nxf3+
11. Bxf3 Bd4 12. Rb1 Qh4 13. Be3 Bxe3 14. fxe3 Qg5 15. Kf2 f5 16. Qe2 fxe4 17. dxe4 Be6 18. Nc3 Qh4+ 19. Kg1 Rf6 20. Qe1 Qxe1
21. Rfxe1 Bxc4 22. Be2 Bb3 23. Bd1 Be6 24. Bc2 Bc4 25. Bd1 Nc7 26. Be2 Bb3 27. Bd3 Raf8 28. Rf1 Rxf1+ 29. Rxf1 Rxf1+ 30. Kxf1 Ne6
31. Ke2 Nc5 32. Kd2 b5 33. Bc2 Bxc2 34. Kxc2 Kf7 35. b4 Na4 36. Nxa4 bxa4 37. Kc3 g5 38. g3 Ke6 39. Kc4 g4 40. h4 h6
41. b5 d5+ 42. exd5+ cxd5+ 43. Kb4 Kf5 44. Kxa4 Ke4 45. Kb4 d4 46. exd4 exd4 47. a4 d3 48. a5 d2
0-1

[Event "Despedida"]
[Site "SchemingMind.com"]
[Date "2014.02.19"]
[Round "-"]
[White "Chess_Romanticist"]
[Black "SAMAEL"]
[Result "1-0"]
[WhiteCountry "SWE"]
[BlackCountry "CAN"]
[WhiteElo "2155"]
[WhiteRD "81"]
[BlackElo "1720"]
[BlackRD "55"]
[GameID "348126"]

1. e4 e5 2. Nf3 d6 3. d4 exd4 4. Qxd4 Bd7 5. Qb4 b6 6. Qb3 h6 7. Bc4 Qe7 8. O-O Nc6 9. Bd5 Nf6 10. Qc3 Nxd5
11. exd5 Ne5 12. Nxe5 dxe5 13. Qxc7 f6 14. c4 Qc5 15. Qxc5 Bxc5 16. Be3 Rc8 17. Bxc5 Rxc5 18. Nd2 O-O 19. Rae1 Rb8 20. b3 Bf5
21. f4 exf4 22. Rxf4 Bd7 23. Re7 Rc7 24. Rg4 Bxg4 25. Rxc7 a5 26. Kf2 Bh5 27. Ne4 Bf7 28. Nd6 Kf8 29. Nxf7
1-0

[Event "Despedida"]
[Site "SchemingMind.com"]
[Date "2014.02.23"]
[Round "-"]
[White "APB"]
[Black "fouche"]
[Result "1-0"]
[WhiteCountry "ENG"]
[BlackCountry "COL"]
[WhiteElo "1741"]
[WhiteRD "68"]
[BlackElo "1628"]
[BlackRD "63"]
[GameID "348464"]

1. e4 c5 2. Nf3 Nc6 3. d4 cxd4 4. Nxd4 e5 5. Nb5 d6 6. Bc4 Nf6 7. Nd2 a6 8. Nc3 Be7 9. Nd5 O-O 10. Nxe7+ Qxe7
11. O-O Bg4 12. f3 Bh5 13. Nb3 Rfd8 14. Bg5 Rac8 15. Qd2 b5 16. Be2 Qe6 17. a4 d5 18. Nc5 Qe7 19. Nxa6 dxe4 20. Qc3 Nd4
21. Qb4 Qxb4 22. Nxb4 Nxe2+ 23. Kh1 exf3 24. gxf3 bxa4 25. Rxa4 Rd2 26. Nc6 Re8 27. Bxd2 Nd4 28. Nxd4 exd4 29. Rxd4 h6 30. Kg1 Re2
31. c4 Kh7 32. b4 Ng8 33. b5 Ne7 34. Re1 Bxf3 35. Rxe2 Bxe2 36. Re4 Bd3 37. Rxe7 Bxc4 38. b6
1-0

[Event "Despedida"]
[Site "SchemingMind.com"]
[Date "2014.02.23"]
[Round "-"]
[White "fouche"]
[Black "APB"]
[Result "1-0"]
[WhiteCountry "COL"]
[BlackCountry "ENG"]
[WhiteElo "1628"]
[WhiteRD "63"]
[BlackElo "1741"]
[BlackRD "68"]
[GameID "348465"]

1. e4 c5 2. Nf3 e6 3. d4 cxd4 4. Nxd4 Nc6 5. Be2 Nf6 6. O-O Bc5 7. Nxc6 bxc6 8. Nd2 e5 9. Bd3 O-O 10. Nf3 d6
11. a3 Bg4 12. Bg5 h6 13. Bh4 Rb8 14. b4 Bd4 15. Rb1 Qd7 16. Bxf6 gxf6 17. Be2 Bxf3 18. Bxf3 Kh8 19. Rb3 Rg8 20. c3 Bb6
21. c4 Bd4 22. Bg4 Rxg4 23. a4 Rbg8 24. g3 Rxg3+ 25. Rxg3 Rxg3+ 26. hxg3 Qh3 27. Qf3 Qe6 28. Kg2 f5 29. exf5 Qxc4 30. Qh5 Qd5+
31. f3 e4 32. Qxh6+ Kg8 33. f6
1-0

[Event "Despedida"]
[Site "SchemingMind.com"]
[Date "2014.02.24"]
[Round "-"]
[White "APB"]
[Black "Scooter"]
[Result "1-0"]
[WhiteCountry "ENG"]
[BlackCountry "USA"]
[WhiteElo "1753"]
[WhiteRD "69"]
[BlackElo "1731"]
[BlackRD "46"]
[GameID "348466"]

1. e4 c6 2. d4 d5 3. Nc3 dxe4 4. Nxe4 Bf5 5. Ng3 Bg6 6. Nf3 Nd7 7. h4 h6 8. h5 Bh7 9. Bd3 Bxd3 10. Qxd3 Qc7
11. Bd2 O-O-O 12. O-O-O Ngf6 13. Ne2 e6 14. c4 Be7 15. Kb1 Ng4 16. Rdf1 Nde5 17. Nxe5 Nxe5 18. Qc2 Nd7 19. Re1 Rhe8 20. c5 Bg5
21. f4 Be7 22. f5 exf5 23. Qxf5 Bf6 24. Bf4 Qa5 25. Nc3 Rxe1+ 26. Rxe1 Bxd4 27. Rc1 Qxc5 28. Nd5 Qb5 29. Ne7#
1-0

[Event "Despedida"]
[Site "SchemingMind.com"]
[Date "2014.02.24"]
[Round "-"]
[White "Scooter"]
[Black "APB"]
[Result "1-0"]
[WhiteCountry "USA"]
[BlackCountry "ENG"]
[WhiteElo "1732"]
[WhiteRD "47"]
[BlackElo "1741"]
[BlackRD "68"]
[GameID "348467"]

1. d4 Nf6 2. Nf3 d5 3. Bf4 e6 4. e3 Bd6 5. Bxd6 Qxd6 6. c3 O-O 7. Bd3 g6 8. O-O Nbd7 9. Nbd2 e5 10. dxe5 Nxe5
11. Nxe5 Qxe5 12. Nf3 Qe7 13. Re1 c5 14. h3 Qc7 15. Bc2 b5 16. Qe2 Bd7 17. a4 c4 18. axb5 Bxb5 19. Nd4 a6 20. Qf3 Ne4
21. Bxe4 dxe4 22. Qxe4 Rae8 23. Nxb5 axb5 24. Qd4 Rd8 25. Qa7 Qxa7 26. Rxa7 Rd2 27. Rb1 Rfd8 28. Rb7 R8d5 29. b3 Rd1+ 30. Rxd1 Rxd1+
31. Kh2 Rc1 32. Rxb5 Rxc3 33. bxc4 Rxc4 34. Kg3 Kg7 35. f3 h6 36. e4 g5 37. h4 f6 38. h5
1-0

[Event "Despedida"]
[Site "SchemingMind.com"]
[Date "2014.02.23"]
[Round "-"]
[White "APB"]
[Black "SAMAEL"]
[Result "0-1"]
[WhiteCountry "ENG"]
[BlackCountry "CAN"]
[WhiteElo "1721"]
[WhiteRD "72"]
[BlackElo "1772"]
[BlackRD "56"]
[GameID "348470"]

1. e4 e5 2. Nf3 d6 3. Bc4 h6 4. d4 exd4 5. Nxd4 Nf6 6. Nc3 Bd7 7. O-O Be7 8. h3 O-O 9. Nf5 Bxf5 10. exf5 Nbd7
11. Be3 Re8 12. Qf3 c6 13. Rad1 Qc7 14. Bf4 Ne5 15. Bxe5 dxe5 16. Ne4 Rad8 17. Rde1 Kf8 18. Re2 Nxe4 19. Rxe4 f6 20. Qh5 Bd6
21. Qg6 b5 22. Bb3 a5 23. Be6 Rxe6 24. fxe6 Re8 25. Qg4 Qe7 26. Qg6 Qxe6 27. Qg4 Qxg4 28. Rxg4 c5 29. Rd1 Rd8 30. Rg3 Be7
31. Rxd8+ Bxd8 32. Rd3 Ke7 33. Rg3 g5 34. h4 Ke6 35. hxg5 hxg5 36. f3 c4 37. c3 f5 38. Rh3 Kd5 39. Rh8 Bb6+ 40. Kf1 e4
41. Rb8 Kc6 42. fxe4 fxe4 43. Rg8 Be3 44. Ke2 Bc1 45. b3 cxb3 46. axb3 a4 47. bxa4 bxa4 48. c4 Kc5 49. Ra8 a3 50. Ra4 Kd4
51. Kd1 Bb2 52. Kc2 e3 53. g4 Ke4 54. Ra5 Kf4 55. Rf5+ Kxg4 56. Rf8 Be5 57. Kd3 a2
0-1